Azerbaijan Republic : Joint Staff Assessment of the Poverty Reduction Strategy Paper Progress Report.

This paper presents the Joint Staff Assessment on Azerbaijan Republic's Poverty Reduction Strategy. The incidence of poverty remains slightly higher among urban than rural households, and is associated with falling employment opportunities and earnings in the formal economy. Although Baku has t...

Popoln opis

Bibliografske podrobnosti
Korporativna značnica: International Monetary Fund
Format: Revija
Jezik:English
Izdano: Washington, D.C. : International Monetary Fund, 2004.
Serija:IMF Staff Country Reports; Country Report ; No. 2004/323
Online dostop:Full text available on IMF
LEADER 01664cas a2200241 a 4500
001 AALejournalIMF003261
008 230101c9999 xx r poo 0 0eng d
020 |c 5.00 USD 
020 |z 9781451802627 
022 |a 1934-7685 
040 |a BD-DhAAL  |c BD-DhAAL 
110 2 |a International Monetary Fund. 
245 1 0 |a Azerbaijan Republic :   |b Joint Staff Assessment of the Poverty Reduction Strategy Paper Progress Report. 
264 1 |a Washington, D.C. :  |b International Monetary Fund,  |c 2004. 
300 |a 1 online resource (14 pages) 
490 1 |a IMF Staff Country Reports 
500 |a <strong>Off-Campus Access:</strong> No User ID or Password Required 
500 |a <strong>On-Campus Access:</strong> No User ID or Password Required 
506 |a Electronic access restricted to authorized BRAC University faculty, staff and students 
520 3 |a This paper presents the Joint Staff Assessment on Azerbaijan Republic's Poverty Reduction Strategy. The incidence of poverty remains slightly higher among urban than rural households, and is associated with falling employment opportunities and earnings in the formal economy. Although Baku has the largest absolute number of urban poor, poverty incidence is highest in provincial towns. Setting up a system to monitor living standards has been a major achievement, but the monitoring of those standards for refugees and internally displaced persons has serious shortcomings. 
538 |a Mode of access: Internet 
830 0 |a IMF Staff Country Reports; Country Report ;  |v No. 2004/323 
856 4 0 |z Full text available on IMF  |u http://elibrary.imf.org/view/journals/002/2004/323/002.2004.issue-323-en.xml  |z IMF e-Library